Jason Todd Quiz - Statistics

General Stats
  • This quiz has been taken 19 times
    10 since last reset
  • The average score is 15 of 33
Answer Stats
Hint Answer % Correct
Who was Jason Todd adopted by? Bruce Wayne
100%
What was Jason Todd's codename when he was first adopted? Robin
100%
Who killed Jason Todd in "A Death in the Family"? Joker
89%
What is the code name for Jason Todd in the current continuity and Outlaws? Red Hood
78%
How old was Jason Todd when he died in "Death in the Family"? 15
67%
Through what method did Jason Todd come back to life? Lazarus Pit
67%
In the D.C. KO event, does Jason Todd survive his battle against the Joker? No
67%
In many recent adaptations, Jason Todd's hair is black and _____. White
67%
Who was the orange-haired member of the Outlaws Rebirth? Artemis
56%
What car did Jason Todd steal the tires of? Batmobile
56%
Who was the Kryptonian member in Outlaws Rebirth? Bizarro
56%
In what year was "Under the Red Hood" released? 2010
44%
How many issues is the series, "Death in the Family"? 4
44%
In the "Batman: Arkham" series, what is Jason Todd's identity? Arkham Knight
44%
In "Under the Red Hood" who is Jason Todd's mob-boss enemy? Black Mask
44%
In what street did Jason Todd grow up in? Crime Alley
44%
Who was the red-haired member of the Outlaws New 52? Kori
44%
What is Jason Todd's middle name? Peter
44%
What book or author does Jason Todd canonically enjoy? Pride and Prejudice
44%
Who was the orange-haired member of the Outlaws New 52? Roy Harper
44%
In "Lost Days" who does Jason Todd briefly have a relationship with? Talia Al Ghul
44%
In Teen Titans #28, who does Jason Todd violently injure? Tim Drake
44%
How long was Jason Todd in a Coma-like state when with the League of Assassins? 1 year
22%
Which Robin was Jason Todd? (in terms of when he came along) 2nd
22%
Where was Jason Todd originally placed after being found? Ma Gunn's School for Boys
22%
What is the name of Jason Todd's biological father? Willis Todd
22%
In what issue does Jason Todd die? 428
11%
What is the name of Jason Todd's adoptive mother? Catherine Todd
11%
Who did Black Mask talk to in the Society for someone to kill Jason Todd in "Under the Red Hood"? Deathstroke
11%
Who is Jason Todd's teacher within the All-Caste and leader of the forementioned group? Ducra
11%
What country did Jason Todd find his biological mother in, as well as where he died? Ethiopia
11%
What is the name of Jason Todd's biological mother? Sheila
11%
After being combined with two other people in prison, what new identity does Jason Todd's father take on? Solitary
11%
No matching quizzes found
Score Distribution
Percent of People with Each Score
Percentile by Number Answered
Your Score History
You have not taken this quiz since the last reset